000 00454nam a22001817a 4500
003 MPLRDC
005 20220104144351.0
008 210129b ||||| |||| 00| 0 eng d
082 _a844.151 LKY
100 _a刘开扬
245 _a杜甫
_c
250 _a初版
260 _a
_b上海古籍出版社
_c1978
300 _b
490 _a中国古典文学基本知识丛书
650 _a唐及五代别集--杜甫
942 _cBK
_o844.151 LKY
999 _c48922
_d48912